David Copperfield (Запис № 283280)

МАРК-запис
000 -Лідер
fixed length control field 01372nam a22002657a 4500
001 - Контрольний номер
control field 216219491
003 - Ідентифікатор контрольного номера
control field UA-OsUOA
005 - Дата та час останнього входження (трансакції)
control field 20250822100201.0
008 - Елементи даних фіксованої довжини – загальна інформація
fixed length control field 201020b -uk||||g |||| 00| f eng d
020 ## - Міжнародний стандартний книжковий номер (ISBN)
Міжнародний стандартний книжковий номер (ISBN) (НП) 9780140620269
040 ## - Джерело каталогізації
Агенція оригінальної каталогізації UA-OsUOA
Мова каталогізації ukr
Агенція, яка здійснювала перезапис UA-OsUOA
Агенція, яка здійснювала модифікацію UA-OsUOA
041 ## - Код мови
Код мови тексту/ звукової доріжки чи окремого заголовка (П) eng
080 ## - Індекс Універсальної десяткової класифікації
Індекс Універсальної десяткової класифікації (УДК) (НП) 821.111(410)
090 ## - Локальний шифр розміщення
Класифікаційний індекс УДК 821.111(410)
Авторський знак (НП) D53
100 ## - Основне введення – ім’я особи
Ім’я особи (НП) Dickens C.
9 (RLIN) 21917
245 ## - Відомості про назву
Назва (НП) David Copperfield
Дані про відповідальність (НП) Charles Dickens
260 ## - Публікація, розповсюдження і т.п. (Вихідні дані)
Місце публікації, розповсюдження і т.п. (П) London
Ім’я/ наймення видавництва, розповсюджувача і т.п. (П) Penguin Books
Дата публікації, розповсюдження і т.п. (П) 1994
300 ## - Фізичний опис
Обсяг 723 p.
490 ## - Область серії
Назва серії Penguin Popular Classics
520 ## - Резюме і т.п.
Резюме, реферат, анотація, тощо (НП) 'Of my books, I like this the best' Charles Dickens<br/><br/>David Copperfield relates the story of his life transmuting many of the early experiences of his creator right from his birth to his attainment of settled maturity and successful authorship. On his journey, David encounters a gallery of memorable characters, kind, cruel or grotesque: Mr Micawber, Uriah Heep and Steerforth are among the many who shape his development.<br/><br/>By turns absorbingly comic, dramatic, ironic and tender, the novel brings into energetic life the society and preoccupations of the mid-Victorian world.
650 ## - Додаткове предметне введення – тематичний термін
Тематичний термін чи географічна назва, як елемент введення (НП) 821 Художня література окремими мовами і мовними сім'ями
Джерело заголовка чи терміна UDC
942 ## - Додаткові елементи входу (Коха)
Source of classification or shelving scheme Universal Decimal Classification
Тип елемента Koha Книги
955 ## - Код типу видання за змістом
Код типу видання за змістом (НП) Літературно-художні видання
Фонди
Стан вилучень Стан втрат Джерело класифікації або схеми стелажів Стан уражень Не для кредиту Постійне місце розташування Поточне розміщення Дата придбання Джерело придбання Вартість, звичайна ціна покупки Повний номер виклику Штрих-код Дата останнього перегляду Вартість, ціна заміни Ціна ефективна від Тип елемента Koha Усього замовленно
    Universal Decimal Classification     ВІЛ - Відділ іноземн. літератури НБ ВІЛ - Відділ іноземн. літератури НБ 21/05/2007 Акт № 1\07 15.00 821.111(410) D53 211721 06/12/2021 15.00 21/05/2007 Книги  
    Universal Decimal Classification     ВІЛ - Відділ іноземн. літератури НБ ВІЛ - Відділ іноземн. літератури НБ 21/05/2007 Акт № 1\07 15.00 821.111(410) D53 211722 19/11/2021 15.00 21/05/2007 Книги  
    Universal Decimal Classification     ВІЛ - Відділ іноземн. літератури НБ ВІЛ - Відділ іноземн. літератури НБ 21/05/2007 Акт № 1\07 15.00 821.111(410) D53 211723 19/11/2021 15.00 21/05/2007 Книги  
    Universal Decimal Classification     ВІЛ - Відділ іноземн. літератури НБ ВІЛ - Відділ іноземн. літератури НБ 21/05/2007 Акт № 1\07 15.00 821.111(410) D53 211724 19/11/2021 15.00 21/05/2007 Книги  
    Universal Decimal Classification     ВІЛ - Відділ іноземн. літератури НБ ВІЛ - Відділ іноземн. літератури НБ 18/12/2025 №106 11.15 821.111(410) D53 204492 18/12/2025 11.15 18/12/2025 Книги